Statistics for Game Engines

Click here to take the quiz!

General Stats

  • This quiz has been taken 27 times
  • The average score is 4 of 43

Answer Stats

First LetterGame Engines% Correct
UUnity
95%
UUnreal Engine
86%
FFrostbite
36%
GGodot
32%
SSource
32%
CCryEngine
27%
AAnvil
18%
IId Tech
18%
RRockstar Advanced Game Engine
18%
BBuild
14%
GGamebryo
14%
RREDengine
14%
DDoom engine
5%
GGoldSrc
5%
IInfinity Engine
5%
QQuake engine
5%
RRenderWare
5%
RRen’Py
5%
XXnGine
5%
AAdventure Game Interpreter
0%
AAdventure Game Studio
0%
AAvalanche Engine
0%
CChrome Engine
0%
EEgo
0%
HHPL Engine
0%
IId Tech 4
0%
IIoquake3
0%
IIW engine
0%
JJADE engine
0%
LLibGDX
0%
MMax-FX
0%
MM.U.G.E.N
0%
NNaughty Dog Game Engine
0%
QQfusion
0%
QQuest3D
0%
RReal Virtuality Engine
0%
RRefractor Engine
0%
SSnowdrop
0%
SSpeedTree
0%
SSpring Engine
0%
TTitan 2.0
0%
UUltimate 3D
0%
XX-Ray Engine
0%

Score Distribution

Percentile by Number Answered

Percent of People with Each Score

Your Score History

You have not taken this quiz